000 00632nam a22001457a 4500
999 _c80329
_d80329
008 201130b ||||| |||| 00| 0 eng d
040 _bger
_cSTAFF
_erda
_aISIL EINTRAGEN
100 _aGroneberg, Frank
245 _aPestzaun wird zur Todesfalle
_bTierseuche: Nahe Müllrose fährt in dunkler Nacht ein Auto in eine Wildschweinrotte, die vom Schutzzaum gestoppt worden ist/
_cFrank Groneberg
773 _dFrankfurt (Oder): Märkisches Verlags- und Druckhaus GmbH & Co KG
_g31. Jahrgang (2020) Nr. 285 vom 07.12.2020, S. 15
_tMärkische Oderzeitung
942 _cA